Pet Animals - Sudden Death - Statistics

General Stats
  • This quiz has been taken 3 times
  • The average score is 5 of 8
Answers on the Grid
Answers color-coded by a green-red scale on the quiz's grid according to % correct below.
Dog
Elephant
Cat
Giraffe
Lion
Whale
Parrot
Hamster
Ant
Zebra
Horse
Cow
Lizard
Rabbit
Turtle
Snake
Bee
Butterfly
 
Answer Stats
Answer % Correct
Cat
100%
Dog
100%
Hamster
100%
Parrot
67%
Rabbit
67%
Turtle
67%
Lizard
33%
Snake
0%
No matching quizzes found
Score Distribution
Percent of People with Each Score
Percentile by Number Answered
Your Score History
You have not taken this quiz